000 00589nam a2200181Ia 4500
008 140321s9999 xx 000 0 und d
020 _a9780470601730
050 _aNA 2750
_b.Au94 2014
100 _aAugustin, Sally
245 4 _aThe designer's guide in doing research :
_bapplying knowledge to form design /
_cSally Augustin and Cindy Coleman.
260 _aCanada :
_bJohn Wiley and Sons,
_cc2012.
300 _a302 p. :
_bill. (some col.) ;
_c24 cm.
500 _aIncludes index.
521 _aMA
650 _aArchitectural design
_xResearch.
942 _kFOR
_cBK
999 _c48663
_d48663